000 00392nam a2200145Ia 4500
008 100122s9999 xx 000 0 und d
082 _b35012
_a823
100 _aबोधे व बा
245 _aइज्जत
260 _bगुलमोहर पब्लिकेशन्स
_c1983
300 _a248
630 _aइज्जत
730 _aइज्जत
942 _cBOOK
999 _c418416
_d418413